000 00723nam a2200217 a 4500
999 _c8255
_d8255
001 8255
003 BD-JhCC
005 20180220111754.0
008 180127s1993 bg a|||| || | 000 0 ben d
035 _a(BD-JhCC)8255
040 _aBD-JhCC
_dBD-JhCC
041 _aben
082 _a344.41099
_bPAR 1993
100 _aপারভেজ, সৈয়দ মাজহারুল
245 _aক্রিকেট খেলার আইন-কানুন /
_cসৈয়দ মাজহারুল পারভেজ,
260 _aঢাকা :
_bআর্শিবাদ প্রকাশনী,
_c1993.
300 _a64 p. :
_c20 cm.
650 _aCricket Law
942 _2ddc
_cBK